000
00207nam a22000857a 4500
001
1236345
005
20251001162427.0
245
_a
SİVRİ SİNEK
_c
ÖMER SEYFETTİN
260
_b
GÜNIŞIĞI KİTAPLIĞI YAYINLARI
999
_c
1236345
_d
1236345